Top 5 Biggest Cities in Austria by Population - Statistics

General Stats
  • This quiz has been taken 18 times
  • The average score is 5 of 5
Answer Stats
Population City % Correct
305k Graz
100%
2.0m Vienna
100%
214k Linz
94%
132k Innsbruck
89%
158k Salzburg
83%
No matching quizzes found
Score Distribution
Percent of People with Each Score
Percentile by Number Answered
Your Score History
You have not taken this quiz